000
00208nam a22000857a 4500
008
170626b xxu||||| |||| 00| 0 eng d
100
_9
3692
_a
Bhatia. R
245
_a
Educational Psycology
260
_a
New Delhi
_c
2009
999
_c
7114
_d
7114